[Event "Hannover-ch U14"]
[Site "Lehrte"]
[Date "2012.10.23"]
[Round "1"]
[White "Skobjin, Joshua"]
[Black "Koenig, Niclas"]
[Result "1-0"]
[WhiteElo "1179"]
[BlackElo "804"]
[PlyCount "79"]
[EventDate "2012.10.23"]
[EventType "swiss"]
[EventRounds "7"]
[EventCountry "GER"]
[SourceTitle "EXT 2021"]
[Source "ChessBase"]
[SourceDate "2020.10.23"]
[SourceVersion "1"]
[SourceVersionDate "2020.10.23"]
[SourceQuality "1"]

1. e4 e5 2. Nf3 Nc6 3. Bb5 d5 4. Bxc6+ bxc6 5. d3 Nf6 6. 0-0 Bg4 7. h3 Bxf3 8. Qxf3 Bc5 9. Bg5 Be7 10. Nc3 h6 11. Bxf6 Bxf6 12. exd5 cxd5 13. Nxd5 0-0 14. Rfe1 c6 15. Nxf6+ Qxf6 16. Qg3 Rfe8 17. Re4 Rab8 18. b3 Re6 19. Rae1 Rbe8 20. c3 Qg5 21. Qxg5 hxg5 22. d4 f5 23. Rxe5 Rxe5 24. Rxe5 g6 25. Rxe8+ Kf7 26. Ra8 Ke6 27. Rxa7 f4 28. Ra6 Kd6 29. Kf1 f3 30. gxf3 g4 31. fxg4 g5 32. Ke2 Kc7 33. Kd3 c5 34. Ke4 cxd4 35. cxd4 Kb7 36. Rh6 Kc8 37. Rh7 Kb8 38. Kd5 Kc8 39. Kd6 Kd8 40. Rh8# 1-0

[Event "Hannover-ch U14"]
[Site "Lehrte"]
[Date "2012.10.23"]
[Round "7"]
[White "Weiss, Andreas1111"]
[Black "Skobjin, Joshua"]
[Result "1-0"]
[WhiteElo "1335"]
[BlackElo "1179"]
[PlyCount "63"]
[EventDate "2012.10.23"]
[EventType "swiss"]
[EventRounds "7"]
[EventCountry "GER"]
[SourceTitle "EXT 2021"]
[Source "ChessBase"]
[SourceDate "2020.10.23"]
[SourceVersion "1"]
[SourceVersionDate "2020.10.23"]
[SourceQuality "1"]

1. e4 e5 2. Nf3 Nc6 3. Bb5 a6 4. Bxc6 bxc6 5. d3 d6 6. h3 h6 7. Nc3 Nf6 8. 0-0 d5 9. Nxe5 Qd6 10. Nf3 dxe4 11. Nxe4 Nxe4 12. dxe4 Qxd1 13. Rxd1 Be6 14. b3 Bb4 15. Bb2 0-0 16. Ne5 f5 17. Nxc6 Bc5 18. b4 Bb6 19. exf5 Bc4 20. Bd4 Bb5 21. Bxb6 Bxc6 22. Bxc7 Rxf5 23. Rd8+ Rxd8 24. Bxd8 Be4 25. c4 Bc6 26. a4 Rf4 27. b5 axb5 28. cxb5 Bb7 29. b6 Kf8 30. a5 Ba6 31. Rb1 Rf7 32. Bc7 1-0

[Event "Hannover-ch U12"]
[Site "Lehrte"]
[Date "2010.10.11"]
[Round "7"]
[White "Heise, Tobias"]
[Black "Skobjin, Joshua"]
[Result "1-0"]
[WhiteElo "1115"]
[BlackElo "839"]
[PlyCount "49"]
[EventDate "2010.10.09"]
[EventType "swiss"]
[EventRounds "11"]
[EventCountry "GER"]
[SourceTitle "EXT 2021"]
[Source "ChessBase"]
[SourceDate "2020.10.23"]
[SourceVersion "1"]
[SourceVersionDate "2020.10.23"]
[SourceQuality "1"]

1. Nf3 Nc6 2. d4 d5 3. c4 Nf6 4. Nc3 dxc4 5. Bg5 Bg4 6. e3 Bxf3 7. Qxf3 h6 8. Bh4 e5 9. Bxf6 gxf6 10. Qe4 Be7 11. Rd1 Qc8 12. Bxc4 f5 13. Qc2 e4 14. Bb5 Qe6 15. d5 Qg6 16. g3 0-0-0 17. dxc6 Rxd1+ 18. Nxd1 bxc6 19. Ba6+ Kd8 20. Qb3 Kd7 21. Nc3 Rd8 22. Ne2 c5 23. Bc4 f6 24. Bf7 Qg4 25. Qe6# 1-0

[Event "Hannover-ch U12"]
[Site "Lehrte"]
[Date "2010.10.10"]
[Round "6"]
[White "Bruns, Kai Christian"]
[Black "Skobjin, Joshua"]
[Result "1-0"]
[WhiteElo "1310"]
[BlackElo "839"]
[PlyCount "71"]
[EventDate "2010.10.09"]
[EventType "swiss"]
[EventRounds "11"]
[EventCountry "GER"]
[SourceTitle "EXT 2021"]
[Source "ChessBase"]
[SourceDate "2020.10.23"]
[SourceVersion "1"]
[SourceVersionDate "2020.10.23"]
[SourceQuality "1"]

1. c4 e5 2. g3 Nf6 3. Bg2 Bc5 4. e3 Nc6 5. Ne2 0-0 6. 0-0 d6 7. Nbc3 Be6 8. d4 exd4 9. exd4 Bb4 10. d5 Bxc3 11. Nxc3 Bg4 12. f3 Bh3 13. Bxh3 Ne5 14. Qd4 c5 15. dxc6 bxc6 16. Bf4 c5 17. Qd1 Nxc4 18. b3 Nb6 19. Qxd6 Nbd7 20. Bg5 Qa5 21. Bxd7 Nxd7 22. Nd5 f6 23. Ne7+ Kh8 24. Bd2 Qd8 25. Rad1 Rb8 26. Bf4 Rb7 27. Nc6 Qb6 28. Qe6 c4+ 29. Kg2 Nc5 30. Qd6 Rg8 31. Be3 Rd7 32. Qxc5 Qxc5 33. Bxc5 Rxd1 34. Rxd1 c3 35. Nd8 c2 36. Nf7# 1-0